| 000 | 00719nam a22002177a 4500 | ||
|---|---|---|---|
| 999 |
_c3169 _d3169 |
||
| 003 | AR-CdUCM | ||
| 008 | 190306b ||||| |||| 00| 0 spa d | ||
| 020 | _a84-278-0911-5 | ||
| 040 |
_aMUNICIPALIDAD PROVINCIAL DEL CUSCO _cBIBLIOTECA MUNICIPAL DEL CUSCO |
||
| 082 |
_a858.8 / _bSA18C |
||
| 100 |
_aSalgari, Emilio _9800 |
||
| 245 | _aEl capitán Tormenta / | ||
| 260 |
_aBarcelona : _bNauta, _c1984. |
||
| 300 |
_a179 páginas ; _c18 cm. |
||
| 440 |
_n1 _99124 |
||
| 505 | _aContenido: Partido de dados -- El sitio de Famagusta -- El león de Damasco -- La fiereza de Mustafá -- El ataque a Famagusta ... | ||
| 650 |
_aNovelas italianas _99329 |
||
| 650 |
_aSiglo XIX _9971 |
||
| 942 |
_2ddc _cLIBROS |
||
| 945 | _aafb | ||